000
00272nam a2200121Ia 4500
005
20251222141808.0
008
251222s9999||||xx |||||||||||||| ||spa||
082
_a
922.23/H19
100
_a
Hamant, Yves
245
0
_a
Aleksandr Men:
264
_b
Edicione R.C.
942
_c
LIB
999
_c
6369
_d
6369